Premier League: 25+ Assists (2000-) - Statistics

General Stats
  • This quiz has been taken 52 times
  • The average score is 91 of 157
Answer Stats
Ranking Player Positions Nationality Matches Goals (assists) Periods Clubs % Correct
1 Kevin De Bruyne MF, FW 288 72 (118) 2013-2014, 2015-2025
100%
5 Frank Lampard MF 491 160 (94) 2000-2015
98%
9 Mohamed Salah MF, FW 301 186 (87) 2013-2014, 2017-2025
98%
43 Bernardo Silva MF, FW 266 43 (46) 2017-2025
96%
2 Cesc Fàbregas MF, FW 350 50 (111) 2004-2010, 2014-2019
96%
6 David Silva MF, FW 309 60 (93) 2010-2020
96%
25 Eden Hazard MF, FW 245 85 (54) 2012-2019
96%
4 Ryan Giggs MF, FW 382 55 (101) 2000-2014
96%
8 Steven Gerrard MF 463 119 (89) 2000-2015
96%
3 Wayne Rooney MF, FW 491 208 (102) 2002-2018
96%
10 Christian Eriksen MF, FW 310 55 (78) 2013-2019, 2021-2025
93%
22 Didier Drogba FW 254 104 (55) 2004-2011, 2014-2015
93%
7 James Milner DF, MF 638 55 (89) 2002-2025
93%
23 Mesut Özil MF, FW 184 33 (55) 2013-2020
93%
16 Riyad Mahrez MF, FW 284 82 (62) 2014-2023
93%
14 Thierry Henry FW 227 158 (66) 2000-2006, 2011-2012
93%
29 Robin van Persie FW 280 144 (53) 2004-2015
91%
15 Trent Alexander-Arnold DF 259 18 (64) 2016-2025
91%
31 Bruno Fernandes MF, FW 195 62 (51) 2019-2025
89%
103 Laurent Robert MF, FW 150 23 (32) 2001-2005, 2007-2008
89%
18 Andrew Robertson DF, MF 308 11 (60) 2014-2015, 2016-2025
87%
45 Bukayo Saka DF, MF, FW 195 53 (45) 2018-2025
87%
68 Cristiano Ronaldo MF, FW 236 103 (37) 2003-2008, 2021-2023
87%
49 Harry Kane FW 320 213 (44) 2012-2023
87%
27 Juan Mata MF, FW 278 52 (54) 2011-2022
87%
80 Paul Scholes MF 339 66 (35) 2000-2013
87%
35 Roberto Firmino MF, FW 256 82 (50) 2015-2023
87%
67 Sadio Mané MF, FW 263 111 (38) 2014-2022
87%
40 Antonio Valencia DF, MF 325 24 (47) 2006-2019
84%
13 Raheem Sterling MF, FW 396 123 (66) 2011-2025
84%
81 Romelu Lukaku FW 278 121 (35) 2011-2018, 2021-2022
84%
39 Sergio Agüero FW 275 184 (48) 2011-2021
84%
70 Carlos Tevez MF, FW 202 84 (36) 2006-2013
82%
77 Joe Cole MF 348 45 (35) 2000-2010, 2012-2015
82%
26 Jordan Henderson MF 431 33 (54) 2008-2023
82%
111 Martin Ødegaard MF, FW 152 34 (31) 2020-2025
82%
51 Nani MF, FW 147 25 (43) 2007-2015
82%
21 Theo Walcott MF, FW 397 80 (56) 2006-2023
82%
114 Andy Cole FW 191 64 (30) 2000-2008
80%
107 Ashley Cole DF 384 15 (31) 2000-2014
80%
42 Jamie Vardy FW 342 145 (47) 2014-2022, 2024-2025
80%
121 Olivier Giroud FW 255 90 (29) 2012-2021
80%
96 Robbie Keane FW 318 114 (33) 2000-2012
80%
44 Aaron Ramsey MF 262 40 (45) 2008-2019
78%
134 Anthony Martial MF, FW 209 63 (27) 2015-2024
78%
56 Dimitar Berbatov FW 229 94 (40) 2006-2014
78%
57 Gabriel Jesus FW 229 76 (40) 2016-2025
78%
52 Marcus Rashford MF, FW 297 89 (42) 2015-2025
78%
11 Ashley Young DF, FW 485 50 (74) 2006-2019, 2021-2025
76%
48 Dennis Bergkamp FW 168 30 (44) 2000-2006
76%
118 Fernando Torres FW 212 85 (29) 2007-2014
76%
20 Peter Crouch FW 468 106 (58) 2001-2019
76%
47 Willian MF, FW 327 47 (45) 2013-2020, 2022-2025
76%
105 Alexis Sánchez MF, FW 154 63 (31) 2014-2019
73%
12 Son Heung-min MF, FW 333 127 (71) 2015-2025
73%
34 Gylfi Sigurðsson MF, FW 318 67 (50) 2011-2021
71%
140 Leroy Sané MF, FW 90 25 (27) 2016-2020
71%
98 Yaya Touré MF 230 59 (33) 2010-2018
71%
72 Emmanuel Adebayor FW 242 97 (36) 2005-2016
69%
37 James Maddison MF, FW 222 56 (48) 2018-2025
69%
73 Kyle Walker DF, MF 410 8 (36) 2009-2025
69%
46 Pascal Groß DF, MF, FW 228 30 (45) 2017-2024
69%
119 Jack Grealish MF, FW 190 27 (29) 2013-2015, 2019-2025
67%
93 Jermain Defoe FW 496 163 (33) 2000-2019
67%
110 Leandro Trossard MF, FW 208 46 (31) 2019-2025
67%
95 Michail Antonio MF, FW 268 68 (33) 2015-2025
67%
74 Nicolas Anelka FW 299 102 (36) 2001-2004, 2006-2011, 2013-2014
67%
122 Phil Foden MF, FW 192 61 (29) 2017-2025
67%
61 Philippe Coutinho MF, FW 193 47 (39) 2012-2017, 2021-2024
67%
90 Santi Cazorla MF 129 25 (34) 2012-2017
67%
17 Gareth Barry MF 589 50 (61) 2000-2018
64%
63 Jarrod Bowen MF, FW 200 56 (38) 2016-2017, 2019-2025
64%
78 Mark Noble MF 414 47 (35) 2005-2010, 2012-2022
64%
53 Mikel Arteta MF 284 42 (42) 2004-2016
64%
66 Paul Pogba MF, FW 157 29 (38) 2011-2012, 2016-2022
64%
99 Youri Tielemans MF, FW 219 26 (33) 2018-2025
64%
150 Alexandre Lacazette FW 158 54 (25) 2017-2022
62%
75 César Azpilicueta DF, MF 349 10 (35) 2012-2023
62%
100 Danny Welbeck MF, FW 363 77 (32) 2008-2025
62%
136 Dirk Kuyt DF, MF, FW 208 51 (27) 2006-2012
62%
137 Freddie Ljungberg MF, FW 199 41 (27) 2000-2008
62%
28 Leighton Baines DF 420 32 (53) 2005-2020
62%
89 Ollie Watkins FW 184 75 (34) 2020-2025
62%
133 Wilfried Zaha MF, FW 305 68 (28) 2013-2023
62%
125 David Beckham MF 90 26 (28) 2000-2003
60%
62 Samir Nasri MF, FW 220 36 (39) 2008-2016, 2018-2019
60%
69 Alex Iwobi MF, FW 291 31 (36) 2015-2025
58%
124 Bryan Mbeumo FW 136 42 (28) 2021-2025
58%
85 Dele Alli MF, FW 194 51 (34) 2015-2023
58%
41 James Ward-Prowse DF, MF 404 57 (47) 2012-2025
58%
55 Robert Pirès MF, FW 198 62 (41) 2000-2005, 2010-2011
58%
102 Harvey Barnes MF, FW 200 49 (32) 2017-2025
56%
65 Michael Carrick MF 473 22 (38) 2000-2002, 2004-2018
56%
91 Adam Lallana MF, FW 305 33 (33) 2012-2025
53%
156 Pedro Neto MF, FW 146 15 (25) 2019-2025
53%
117 John Arne Riise DF, MF 321 21 (30) 2001-2007, 2011-2014
51%
94 Marko Arnautović MF, FW 184 43 (33) 2013-2019
51%
113 Adam Johnson MF 265 32 (30) 2005-2016
49%
151 Charlie Adam MF 207 34 (25) 2010-2018
49%
128 Glen Johnson DF 358 15 (28) 2002-2018
49%
154 Kelechi Iheanacho MF, FW 196 42 (25) 2015-2023
49%
153 Érik Lamela MF, FW 177 17 (25) 2013-2021
47%
64 Kieran Trippier DF, MF 204 6 (38) 2014-2018, 2021-2025
47%
76 Emile Heskey FW 380 74 (35) 2000-2012
44%
104 Steven Pienaar MF 214 21 (32) 2007-2017
44%
120 Lucas Digne DF, MF 222 6 (29) 2018-2025
42%
148 Adama Traoré DF, MF, FW 247 14 (25) 2015-2016, 2018-2025
40%
32 Damien Duff MF, FW 337 49 (51) 2001-2014
40%
59 Jimmy Floyd Hasselbaink FW 219 93 (39) 2000-2007
40%
131 Paolo Di Canio FW 106 32 (28) 2000-2004
40%
97 Ross Barkley MF, FW 284 37 (33) 2011-2021, 2023-2025
40%
149 Alan Smith MF, FW 237 34 (25) 2000-2008, 2010-2012
38%
50 Marc Albrighton DF, MF, FW 310 20 (44) 2009-2023
38%
146 Sebastian Larsson MF 282 26 (26) 2005-2006, 2007-2008, 2009-2017
38%
19 Stewart Downing MF, FW 408 37 (59) 2001-2014, 2016-2017
38%
109 Craig Bellamy FW 294 81 (31) 2000-2009, 2011-2012, 2013-2014
36%
30 Danny Murphy MF 377 48 (52) 2000-2012
36%
101 Dwight McNeil MF, FW 225 21 (32) 2018-2025
36%
127 Eiður Guðjohnsen MF, FW 211 55 (28) 2000-2005, 2009-2011
36%
129 Jacob Murphy DF, MF, FW 185 19 (28) 2017-2018, 2020-2025
36%
38 Kevin Davies FW 375 72 (48) 2000-2012
36%
83 Simon Davies MF 300 27 (35) 2000-2012
36%
126 Dušan Tadić MF, FW 134 21 (28) 2014-2018
33%
130 Mark Viduka FW 240 92 (28) 2000-2009
33%
155 Moussa Sissoko MF, FW 295 16 (25) 2012-2022
33%
135 Darren Fletcher MF 341 23 (27) 2003-2018
31%
86 Gabriel Agbonlahor MF, FW 322 74 (34) 2005-2016
31%
141 Morgan Gibbs-White MF, FW 154 18 (27) 2018-2025
31%
33 Aaron Lennon MF, FW 416 36 (50) 2003-2004, 2005-2019, 2021-2022
29%
144 Kevin Nolan MF 401 69 (26) 2001-2008, 2010-2011, 2012-2016
29%
112 Ryan Fraser DF, MF, FW 181 18 (31) 2016-2022, 2024-2025
29%
82 Shaun Wright-Phillips MF, FW 316 32 (35) 2000-2001, 2002-2012, 2014-2015
29%
54 Nolberto Solano MF 243 40 (42) 2000-2008
27%
142 Aaron Cresswell DF, MF 312 10 (26) 2014-2025
24%
106 Andros Townsend MF, FW 291 26 (31) 2012-2021, 2023-2024
24%
138 Jonjo Shelvey MF 278 23 (27) 2010-2015, 2017-2023
24%
60 Morten Gamst Pedersen MF, FW 260 34 (39) 2004-2012
24%
132 Stephen Ireland MF 246 19 (28) 2005-2015, 2017-2018
24%
36 Chris Brunt DF, MF 269 25 (48) 2008-2009, 2010-2018
22%
152 El Hadji Diouf MF, FW 243 28 (25) 2002-2011
22%
139 Leon Osman MF 352 44 (27) 2002-2016
22%
24 Steed Malbranque MF 336 39 (55) 2001-2011
20%
116 James Beattie FW 274 86 (30) 2000-2006, 2008-2011
18%
143 Jermaine Jenas MF 280 32 (26) 2001-2013
18%
87 Joey Barton MF 269 26 (34) 2002-2008, 2010-2011, 2014-2015, 2016-2017
18%
79 Matthew Etherington MF 283 21 (35) 2000-2002, 2005-2014
18%
84 Bobby Zamora FW 252 47 (34) 2003-2004, 2005-2012, 2014-2015
16%
145 Nathan Redmond MF, FW 276 28 (26) 2013-2014, 2015-2024
16%
108 Ashley Westwood MF 286 12 (31) 2012-2022
13%
92 James Morrison MF, FW 311 32 (33) 2003-2006, 2008-2009, 2010-2018
13%
58 Jermaine Pennant MF 231 14 (40) 2002-2008, 2010-2014
13%
88 Luís Boa Morte MF, FW 257 28 (34) 2001-2011
13%
157 Thomas Gravesen MF 149 11 (25) 2000-2004, 2007-2008
13%
115 Brett Emerton DF, MF 247 13 (30) 2003-2012
11%
71 Charles N'Zogbia DF, FW 281 28 (36) 2004-2012, 2014-2016
11%
147 Yakubu Aiyegbeni FW 252 96 (26) 2003-2012
9%
123 Wayne Routledge MF, FW 297 16 (29) 2004-2008, 2010-2018
2%
No matching quizzes found
Score Distribution
Percent of People with Each Score
Percentile by Number Answered
Your Score History
You have not taken this quiz